Évaluation de la collaboration Humain-Robot pour la production des anticancéreux injectables via la validation d’une grille de modèle d’acceptation de la technologie (notice n° 1534034)
[ vue normale ]
| 000 -LEADER | |
|---|---|
| fixed length control field | 00856cam a2200217 4500500 |
| 005 - DATE AND TIME OF LATEST TRANSACTION | |
| control field | 20251012020101.0 |
| 041 ## - LANGUAGE CODE | |
| Language code of text/sound track or separate title | fre |
| 042 ## - AUTHENTICATION CODE | |
| Authentication code | dc |
| 100 10 - MAIN ENTRY--PERSONAL NAME | |
| Personal name | Grassi, Enzo |
| Relator term | author |
| 245 00 - TITLE STATEMENT | |
| Title | Évaluation de la collaboration Humain-Robot pour la production des anticancéreux injectables via la validation d’une grille de modèle d’acceptation de la technologie |
| 260 ## - PUBLICATION, DISTRIBUTION, ETC. | |
| Date of publication, distribution, etc. | 2025.<br/> |
| 500 ## - GENERAL NOTE | |
| General note | 73 |
| 700 10 - ADDED ENTRY--PERSONAL NAME | |
| Personal name | Bertrand, Claude |
| Relator term | author |
| 700 10 - ADDED ENTRY--PERSONAL NAME | |
| Personal name | Pages, Arnaud |
| Relator term | author |
| 700 10 - ADDED ENTRY--PERSONAL NAME | |
| Personal name | Mitha, Assia |
| Relator term | author |
| 700 10 - ADDED ENTRY--PERSONAL NAME | |
| Personal name | Blanc, Ariane |
| Relator term | author |
| 700 10 - ADDED ENTRY--PERSONAL NAME | |
| Personal name | Fleury, Mapi |
| Relator term | author |
| 700 10 - ADDED ENTRY--PERSONAL NAME | |
| Personal name | Rieutord, André |
| Relator term | author |
| 786 0# - DATA SOURCE ENTRY | |
| Note | Journal de Pharmacie Clinique | 44 | 1 | 2025-03-28 | p. 19-28 | 0291-1981 |
| 856 41 - ELECTRONIC LOCATION AND ACCESS | |
| Uniform Resource Identifier | <a href="https://shs.cairn.info/revue-journal-de-pharmacie-clinique-2025-1-page-19?lang=fr&redirect-ssocas=7080">https://shs.cairn.info/revue-journal-de-pharmacie-clinique-2025-1-page-19?lang=fr&redirect-ssocas=7080</a> |
Pas d'exemplaire disponible.




Réseaux sociaux